An introduction to econometric theory : measure-theoretic probability and statistics with applications to economics
Αποθηκεύτηκε σε:
| Κύριος συγγραφέας: | |
|---|---|
| Μορφή: | Βιβλίο |
| Γλώσσα: | English |
| Δημοσίευση: |
Princeton, N.J. :
Princeton University Press,
c1997
|
| Θέματα: | |
| Ετικέτες: |
Προσθήκη ετικέτας
Δεν υπάρχουν, Καταχωρήστε ετικέτα πρώτοι!
|
MARC
| LEADER | 00000nam a2200000 i 4500 | ||
|---|---|---|---|
| 001 | 1/92051 | ||
| 008 | 991109s1997 eng d | ||
| 020 | |a 0-691-01645-3 | ||
| 035 | |l 10053879 | ||
| 040 | |a GR-MY-UA |b gre |e aacr | ||
| 041 | 0 | |a eng | |
| 082 | 0 | |a 330.015195 | |
| 100 | 1 | |a Gallant, A. Ronald |d 1942- | |
| 245 | 1 | 3 | |a An introduction to econometric theory : |b measure-theoretic probability and statistics with applications to economics / |c A. Ronald Gallant |
| 260 | |a Princeton, N.J. : |b Princeton University Press, |c c1997 | ||
| 300 | |a x, 202 p.; |b ill.; |c 25 cm. | ||
| 500 | |a Includes bibliographical references and index | ||
| 650 | 0 | 0 | |a Econometrics. |
| 852 | |a INST |b SAMOS |e 19991109 |h 330.015195 GAL |p 005300012308 |q 005300012308 |t BK |y 0 | ||
| 901 | |a BIBL3-1999-3 | ||
| 909 | |a Σ |b 067181 | ||
| 922 | |a 3ΕΛΗ |b 199907 |c ΕΠΕΑΕΚ/ΜΑΘ |d ΠΑΠΑΣΩΤΗΡΙΟΥ | ||
| 970 | |a ΠΟΥΡΝΑΡΑΣ |b ΔΗΜΗΤΡΗΣ |z 1999/11/09 | ||